000 01636nam a2200301Ia 4500
999 _c41410
_d41410
001 8072
003 GE_BSU
005 20200117163522.0
008 181216s2011||||ge |||||||||||||| ||geo||
020 _a9789941412806
040 _cGE_BSU
041 _ageo
080 _a003.074+37.016:003-028.31 ა–40
245 _aაკადემიური წერა /
_cავტ.: მაია კიკვაძე, ნანა ცეცხლაძე, ნათელა ფარტენაძე [და სხვ.] ; მამია ფაღავას საერთო რედ.
264 _aბათუმი :
_bშოთა რუსთაველის სახ. უნ–ტი,
_c2011.
300 _a191გვ.;
_b29 სმ.
501 _aდანართები: გვ. 183-188.
504 _aბიბლიოგრ.: გვ. 189.
653 _aაკადემიური წერა
700 _aკიკვაძე, მაია
_eავტორი
_92148
700 _aცეცხლაძე, ნანა
_eავტორი
_94739
700 _aფარტენაძე, ნათელა
_eავტორი
_94740
700 _aახვლედიანი, დიანა
_eავტორი
_94741
700 _aხახუტაიშვილი, მზია
_eავტორი
_94742
700 _aფაღავა, მამია
_eრედაქტორი
_96217
710 _aშოთა რუსთაველის სახელმწ. უნ-ტი
_bქართ. ფილოლ. დეპარტამენტი
_95731
942 _cBK
_2udc